000 00903nam a2200253 a 4500
003 Co-PeBPM
005 20251026220333.0
008 231129s2000||||xx |||||||||||||| ||spa||
020 _a958-669-246-9
040 _bspa
_aCo-PeBPM
_cCo-PeBPM
_eRDA
041 _aspa
082 _a242.33 L789c
100 _aLizarraga, Cándido Martí­n (Padre)
_eAutor
245 0 _aCOMENTARIOS BÍBLICOS que iluminan el nuevo milenio:
_bFeriados del Tiempo Ordinario. Años impares.
_nTOMO IV
250 _aPrimera
260 _c2000
264 _aBogotá (Colombia) : Ediciones Paulinas, 2000
300 _a502 páginas;
_c20cms
490 _aColección Homilías
_vTomo IV
500 _aIncluye índice
505 _aIncluye índice y Biografía en la contraportada del libro
650 _aBiblia
942 _2ddc
_cBK
_ePrimera
_h242.33
_iL789c
_n0
999 _c7418
_d7418